000 01007nam a2200205 a 4500
001 000030659
005 20240409073642.0
008 110525t1941 dr 000 0dspa d
040 _aDO-SdBNP
_bspa
_cBNPHU
082 _aF-RD 60
100 1 _aViña, Pablo Jaime
_957247
245 1 0 _aTrujillo en la evolución de las armas nacionales /
_cPablo Jaime Viña.
260 _aSantiago República Dominicana :
_bImprenta de L. H. Cruz,
_c1941.
300 _a43 p. ;
_c18 cm.
505 0 _gConferencia pronunciada en los salones de la Junta Comunal del Partido Dominicano en el Seibo, el 15 de agosto de 1940; en el salón de actos del Ayuntamiento de Dajabón, el 19 de enero del 1941 y en la Junta Comunal del Partido Dominicano en Loma de Cabrera, el 9 de febrero del 1941.
600 1 0 _aTrujillo Molina, Rafael Leónidas,
_d 1891-1961
_976764
651 4 _aRepública Dominicana
_xFuerzas Armadas
_xHistoria
_yERA DE TRUJILLO, 1930-1961
_957248
910 _aValidado. Control de calidad EMS.
049 _aBNPD
999 _c30151
_d30151